« Retourner aux résultats de recherche
Dinosaures
| Auteur principal: | Bastien Contraire |
|---|---|
| Support: | Livres |
| Langue: | Francais |
| Genre: |
Documentaire jeunesse |
| Sujets: | |
| Étiquettes: |
Ajouter
Pas de Tags !
|
| LEADER | 00866nam0a2200181 450 | ||
|---|---|---|---|
| 001 | 16840860 | ||
| 010 | |a 978-2-492768-08-8 |b cart. |d 22 | ||
| 100 | |a 20210618d2021 u u0frey01 ba | ||
| 101 | 0 | |a fre | |
| 102 | |a FR | ||
| 200 | 0 | |a Dinosaures |f Bastien Contraire | |
| 207 | 1 | |a | |
| 215 | |a 1 vol. (56 p.) |c illustrations en couleur |d 33 cm | ||
| 330 | |a Des enfants visitent un musée dans lequel ils découvrent différentes espèces de dinosaures dont la taille et le poids sont comparés à ceux d'animaux actuels. Ainsi le protocératops est à peine plus grand qu'un mouton tandis que le spinosaure est aussi lourd que douze ours blancs. Electre 2022 | ||
| 700 | 0 | |a Contraire |b Bastien |4 70 | |
| 900 | |a Documentaire jeunesse | ||
| 901 | |a Accessible au prêt | ||
| 995 | |a Bibliothèque |c Bibliothèque |f 00156010633386 |h 00156010633386 |k E 567.91 CON |o p |q j |r az |e Bibliothèque | ||
